Qui as dis ces citations arc Water Seven - Statistiques

Statistiques générales
  • Ce quiz a été pris 41 fois
  • Le résultat moyen est 15 sur 20
Statistiques - réponses
Hint Réponse % Correct
Désolé de t'avoir fait attendre si longtemps, avant de te donner un coup de poing digne de ce nom. Franky
100%
Je veux vivre !! Robin
100%
Et le sang qui bat dans votre cœur ne fait que confirmer notre théorie !! Rob lucci
100%
Même mort et enterré je n'abandonnerai jamais mes compagnons !! Luffy
97%
Tu es peut-être très forte mais moi je ne me trompe jamais dans mes prévisions ! Nami
97%
Quitte à mourir autant tout donner ! J'espère seulement que personne n'entrera dans cette pièce ! Chopper
94%
Avec toi à nos côtés, il y a forcement un moyen de sauver Robin !! Je compte sur toi Usopp !! Sanji
91%
Aie confiance en Luffy ! Usopp
91%
Au lieu de rire, tu ferais mieux d'avoir des regrets car vous avez passer une occasion unique de me vaincre, suppôts du gouvernement mondial !! Zoro
88%
Pas besoin de balle pour trouer le cuir d'un adversaire. Kaku
84%
Ce qui veux dire que j'ai déclenché un Buster Call !! Spandam
84%
Aujourd'hui encore je suis fier d'avoir aidé cet homme qu'on nomme "roger" !! Tom
84%
Tu es désormais la seule au monde capable de redonner vie aux armes antiques ! Icebarg
75%
Si tu tiens à la vie, je te conseille de contre-attaquer. Kalifa
69%
Prendre d'assaut Enies Lobby c'est déclaré la guerre à tous les pays membres !! Blueno
63%
Tout bien réfléchi, je vais peu-être vous tuer maintenant. Aokiji
56%
Qui peut savoir ce qui se passe dans la tête d'un demeuré !! Kokoro
50%
Tu nous as fichu un sacré bordel !! Qu'est-ce que tu veux vraiment chapeau de paille ?! Paulie
50%
Nous ne renonceront jamais à vous offrir un futur !! Olvia
34%
Beau boulot brother ! Foxy
22%
Aucun quiz correspondant
Distribution des résultats
% des personnes avec chaque résultat
Percentile par nombre de réponses
Votre historique - résultats
Vous n’avez pas pris ce quiz